Statistics for Thriller Lyrics

Click here to take the quiz!

General Stats

  • This quiz has been taken 1,094 times
  • The average score is 37 of 69

Answer Stats

Fill in the BlankLyric% Correct
it's close to __________midnight
98%
cause I can _____ you morethrill
92%
you try to ______scream
90%
under the _________moonlight
89%
you're fighting for your _____life
83%
you're fighting for your _____life
83%
and something evil's _____ __ __ ___lurking in the dark
80%
but terror takes the sound before ___ ___ __you make it
79%
cause this is ______, _______ ______thriller, thriller night
78%
______, _______ ______thriller, thriller night
78%
you know it's ______, _______ ______thriller, thriller night
78%
cause this is ______, _______ ______thriller thriller night
78%
______, _______ ______thriller, thriller night
78%
cause this is ______, _______ ______thriller, thriller night
78%
______, _______ ______thriller, thriller night
78%
______, _______ ______thriller, thriller night
78%
you close your ____eyes
76%
and realize there's nowhere left to ____run
75%
you see a sight that almost ___ ___ ____stops your heart
70%
and no one's gonna ____ ____save you
68%
the midnight hour is close at ____hand
67%
you feel the cold ____hand
67%
and wonder if you'll ever see the ___sun
67%
you're out of _____time
66%
you're _________paralyzed
64%
as horror looks you ____ ______ __ ___right between the eyes
63%
you hear the ______ _______door slam
60%
and hope that this is ____ ____________, girljust imagination
60%
from the _______ about to strikebeast
59%
they're out to ___ ___get you
57%
you start to _____freeze
54%
darkness falls across the ____land
51%
creatures crawl in search of _____blood
50%
inside a _______, _______ tonightkiller, thriller
50%
inside a _______, _______ tonightkiller thriller
50%
so let me hold you tight and share a _______, _______killer, thriller
50%
to terrorize your _____________neighbourhood
50%
unless you change the _______ on your dialnumber
50%
the foulest stench is in the ___air
49%
you hear the ________ creepin' up behindcreature
47%
your body starts to ______shiver
46%
must stand and face the hounds of ____hell
45%
all through ___ _____, I'll save you fromthe night
45%
but ___ ___ _____all the while
43%
This is the ___ of your lifeend
43%
and rot inside a corpse's _____shell
43%
and though you fight to ____ _____stay alive
42%
are closing in to seal your ____doom
41%
the funk of forty thousand _____years
41%
the ____ of the thrillerevil
39%
and whosever shall be ______found
39%
so let me _____ _____ tight and sharehold you
39%
without the soul for getting ____down
38%
Now is the time for ___ ___ _ to cuddle close together, yeahyou and i
38%
the thing with _______ _____, girlforty eyes
36%
There's no escapin' the jaws of the _____ this timealien
34%
and grisly ghouls from every ____tomb
34%
for no mere ______ ___ ______mortal can resist
32%
they will ______ you unlessposess
31%
there ain't no _______ _________ againstsecond chance
31%
there's ______ closing in on every sidedemons
30%
in their __________masquerade
30%
the terror __ ____ ______, I'll make you see that this ison the screen
30%
girl I can thrill you more than any _____ would ever dare tryghoul
29%
than any ______ would ever dare tryghoul
29%
Night creatures call and the dead ____ __ ____start to walk
25%
(they're _____ _____)open wide
14%
I'm gonna ______ ___ _______thrill you tonight
10%
a killer, ______, _______, thriller here tonightdiller, chiller
7%

Score Distribution

Percentile by Number Answered

Percent of People with Each Score

Your Score History

You have not taken this quiz